Statistics for Biggest Asian Cities by Letter - P

Click here to take the quiz!

General Stats

  • This quiz has been taken 47 times
  • The average score is 5 of 11

Answer Stats

CountryPopulationCity% Correct
Cambodia2.07 milPhnom Penh
97%
India6.90 milPune
94%
North Korea2.95 milPyongyang
91%
Pakistan2.35 milPeshawar
79%
Indonesia1.72 milPalembang
67%
India2.67 milPatna
55%
China1.38 milPutian
21%
Indonesia1.22 milPekanbaru
12%
China1.02 milPingdingshan
3%
China1.04 milPingxiang
0%
China1.03 milPanjin
0%

Score Distribution

Percentile by Number Answered

Percent of People with Each Score

Your Score History

You have not taken this quiz